000 00614nam a2200205 4500
003 OSt
005 20240702054256.0
006 a
008 240702b |||||||| |||| 00| 0 eng d
020 _a9789715848251
040 _aDWCL-HMN lib.
_cOC
082 _aFil. 610.7302 R456c 2009
100 _aReyes,Leonora N.
245 _aComprehensive reviewer for the Nurse Lincensure Exam(NLE) /
260 _aQuezon City:
_bC & E Pub.,
_cc2009.
300 _b1230p.:ill.;
_c25cm.
650 _a1. Nursing-Examinations,questions,etc.
650 _a2. Nursing-Examinations-Study guides
942 _2ddc
_n0
_cBK - FIL
_kFil.
999 _c1789
_d1789